000 00415nam a22001697a 4500
005 20160630130009.0
008 160630b xxu||||| |||| 00| 0 eng d
020 _a81-219-4322-1
041 _aeng
082 _b19839
100 _aMishra Dr anil
_93310
245 _aEngineering Geology
260 _aNew Delhi
_bSultan Chand & Sons,
_c2014
300 _a242
650 _aDiploma Engineering
_9817
942 _cBK
999 _c4934
_d4932